00670nam a22002415i 450000100090000000300040000900500170001300800410003001000170007102000180008804000220010604200080012808200100013610000240014624501010017025000240027126300090029526400340030430000090033833600260034733700280037333800270040120734990OSt20211006160458.0181107s2018 mau 000 0 eng  a 2018963601 a9780495438533 aDLCbHUerdacDLC apcc a625.71 aGarber, Nicholas J.10aTraffic and highway engineering :benhanced fifth edition /cNicholas J. Garber, Lester A. Hoel. aSi version edition. a1812 1aBoston, MA :bCengage,c2018. a1229 atextbtxt2rdacontent aunmediatedbn2rdamedia avolumebnc2rdacarrier